[Event "II Memorial Oliver Gonzalez"]
[Site "Madrid"]
[Date "2011.10.10"]
[Round "3.27"]
[White "Luukkonen, Tommi"]
[Black "De La Orden Alcocer, Alejandro"]
[Result "1-0"]
[WhiteElo "2256"]
[BlackElo "1852"]
[PlyCount "113"]
[EventDate "2011.10.08"]

1. e4 Nf6 2. e5 Nd5 3. d4 d6 4. Nf3 dxe5 5. Nxe5 c6 6. Bc4 Nd7 7. Nf3 N7f6 8.
O-O Bg4 9. Qd3 e6 10. Ne5 Bf5 11. Qe2 Nb6 12. Bd3 Bxd3 13. Qxd3 Bd6 14. f4 Qc7
15. a4 O-O 16. a5 Nbd7 17. a6 c5 18. axb7 Qxb7 19. Nc4 Bc7 20. dxc5 Nxc5 21.
Qe2 Nd5 22. Ra3 Nd7 23. Rg3 N7f6 24. b3 Ne7 25. Bb2 Nf5 26. Rxg7+ Nxg7 27. Bxf6
Bd8 28. Qe5 Bxf6 29. Qxf6 Qe4 30. Nbd2 Qf5 {(=)} 31. Qc3 Rfd8 32. Ne5 Rac8 33.
Ndc4 Qe4 34. Qg3 Qxc2 35. Qf3 f6 36. Ng4 Qg6 37. h3 h5 38. Nf2 Nf5 39. Ne4 Nd4
40. Qe3 Rb8 41. Ned6 Nxb3 42. Qxe6+ Kh7 43. f5 Qg7 44. Qe2 Kh6 45. Qe3+ Kh7 46.
Qf3 Kh6 47. Qf4+ Kh7 48. Qf3 Kh6 49. Rb1 Rg8 50. Ne3 a5 51. Rd1 a4 52. Nd5 a3
53. Nf4 Qa7+ 54. Kh1 Rg5 55. Qc3 Qe7 56. Ng6 Rxg2 57. Nxe7 1-0

[Event "II Memorial Oliver Gonzalez"]
[Site "Madrid"]
[Date "2011.10.10"]
[Round "3.28"]
[White "Aziz Ortego, Omar Luis"]
[Black "Padin Lazaro, Jose Manuel"]
[Result "1-0"]
[WhiteElo "2168"]
[BlackElo "1737"]
[PlyCount "51"]
[EventDate "2011.10.08"]

1. e4 e6 2. e5 d5 3. f4 c5 4. Nf3 Nc6 5. c3 Qb6 6. Be2 Nh6 7. O-O Be7 8. Kh1
Nf5 9. Bd3 h6 10. Bxf5 exf5 11. d4 cxd4 12. cxd4 Be6 13. Nc3 O-O 14. b3 Rac8
15. Bb2 Rfd8 16. Qd3 Na5 17. Rf2 Rc6 18. Rd1 Rdc8 19. g4 fxg4 20. f5 gxf3 21.
Qxf3 Rxc3 22. Bxc3 Bd7 23. f6 Bb4 24. Rg1 Rxc3 25. Qh5 Qe6 26. Qxh6 1-0

[Event "II Memorial Oliver Gonzalez"]
[Site "Madrid"]
[Date "2011.10.10"]
[Round "3.29"]
[White "Blanco Sanchez, Jose Fernando"]
[Black "Marcos Herrero, Francisco"]
[Result "1/2-1/2"]
[WhiteElo "2115"]
[BlackElo "1846"]
[PlyCount "52"]
[EventDate "2011.10.08"]

1. c4 c5 2. Nf3 Nf6 3. d4 cxd4 4. Nxd4 e5 5. Nc2 d5 6. cxd5 Qxd5 7. Qxd5 Nxd5
8. e4 Nb4 9. Bb5+ N8c6 10. Bxc6+ Nxc6 11. Nc3 Be6 12. Be3 O-O-O 13. O-O Be7 14.
Rfd1 Rxd1+ 15. Rxd1 Rd8 16. Rxd8+ Bxd8 17. b3 a6 18. Na4 f6 19. Kf1 Ba5 20. Bc5
Kd8 21. Bb6+ Bxb6 22. Nxb6 Kc7 23. Na4 b6 24. Ke2 Na5 25. Ne3 Kc6 26. Kd3 Nb7
1/2-1/2

[Event "II Memorial Oliver Gonzalez"]
[Site "Madrid"]
[Date "2011.10.10"]
[Round "3.31"]
[White "Merino Araguas, Jose Javier"]
[Black "Spitzer Isbert, Ramon"]
[Result "0-1"]
[WhiteElo "1848"]
[BlackElo "2099"]
[PlyCount "54"]
[EventDate "2011.10.08"]

1. d4 Nf6 2. c4 e6 3. g3 h5 4. Bg5 Be7 5. Bg2 d5 6. Qc2 Nbd7 7. Nf3 c6 8. Nbd2
Ng8 9. Bxe7 Nxe7 10. h4 Nf5 11. e3 Qf6 12. a3 Qg6 13. Rc1 O-O 14. Bh3 a5 15. c5
a4 16. Ng5 Nf6 17. Ndf3 Ne7 18. Qxg6 Nxg6 19. Bg2 Re8 20. Ne5 Nxe5 21. dxe5 Nd7
22. Bh3 Nxe5 23. Ke2 b6 24. f4 Ba6+ 25. Kd1 Nc4 26. cxb6 Rab8 27. Re1 Nxb2+ 0-1

[Event "II Memorial Oliver Gonzalez"]
[Site "Madrid"]
[Date "2011.10.10"]
[Round "3.32"]
[White "Vilarnovo Caamaño, Jose"]
[Black "Galan Aguado, Fernando"]
[Result "1-0"]
[WhiteElo "2087"]
[BlackElo "1779"]
[PlyCount "39"]
[EventDate "2011.10.08"]

1. e4 e6 2. d4 d5 3. Nd2 dxe4 4. Nxe4 Bd7 5. Bd3 Bc6 6. Nf3 Nd7 7. O-O Ngf6 8.
Ned2 Be7 9. Re1 O-O 10. Nc4 Bxf3 11. Qxf3 c6 12. Ne5 Qa5 13. c3 Rad8 14. Bf4
Qd5 15. Qh3 Rfe8 16. Bc4 Qa5 17. Nxf7 Kxf7 18. Qxe6+ Kg6 19. Bd3+ Kh5 20. Qh3#
1-0

[Event "II Memorial Oliver Gonzalez"]
[Site "Madrid"]
[Date "2011.10.10"]
[Round "3.34"]
[White "Suarez Triguero, Jose Alfonso"]
[Black "Sanchez Lopez, Maria"]
[Result "1/2-1/2"]
[WhiteElo "2079"]
[BlackElo "1711"]
[PlyCount "46"]
[EventDate "2011.10.08"]

1. e4 e6 2. d4 d5 3. Nc3 Nf6 4. Bg5 Bb4 5. Nge2 h6 6. Bxf6 Qxf6 7. a3 Ba5 8.
exd5 O-O 9. dxe6 Bxe6 10. Qd2 Nc6 11. O-O-O Qxf2 12. d5 Bxd5 13. Qxd5 Rad8 14.
Qf3 Rxd1+ 15. Nxd1 Qe1 16. Nec3 Rd8 17. Qxf7+ Kxf7 18. Bc4+ Qe6 19. Rf1+ Ke7
20. Bxe6 Kxe6 21. Ne4 Bb6 22. Re1 Kf7 23. Ndc3 a6 1/2-1/2

[Event "II Memorial Oliver Gonzalez"]
[Site "Madrid"]
[Date "2011.10.10"]
[Round "3.35"]
[White "Ibañez Moreno, Sergio"]
[Black "Garcia Saez, Juan Carlos"]
[Result "1/2-1/2"]
[WhiteElo "1789"]
[BlackElo "2070"]
[PlyCount "110"]
[EventDate "2011.10.08"]

1. e4 c6 2. d4 d5 3. exd5 cxd5 4. c4 Nf6 5. Nc3 g6 6. Nf3 Bg7 7. Bg5 dxc4 8.
Bxc4 O-O 9. O-O Bg4 10. h3 Bxf3 11. Qxf3 Qxd4 12. Qxb7 Nbd7 13. Bb5 Rab8 14.
Bxf6 Rxb7 15. Bxd4 Bxd4 16. Rad1 Bxc3 17. bxc3 Nc5 18. Bc4 Rb2 19. Rb1 Rc2 20.
Rfc1 Rxc1+ 21. Rxc1 Rc8 22. Be2 e6 23. f3 Kf8 24. Kf2 Rb8 25. Rc2 Ke7 26. f4 f5
27. Bf3 Rb1 28. Ke3 h6 29. Kd4 Kd6 30. Rd2 Nd7 31. c4 Rc1 32. Rd1 Rc2 33. a3 g5
34. Kd3 Ra2 35. Kc3+ Kc7 36. Kb3 Rf2 37. fxg5 hxg5 38. Re1 e5 39. Re2 Rf1 40.
Bd5 Kd6 41. Rd2 Kc7 42. Kc3 Nc5 43. Re2 e4 44. g4 fxg4 45. hxg4 Rf4 46. Kd4 Kd6
47. Rh2 e3+ 48. Kxe3 Rxg4 49. Kf3 Rd4 50. Rh6+ Ke5 51. Rc6 Rf4+ 52. Kg3 Ne4+
53. Bxe4 Rxe4 54. Ra6 Rxc4 55. Rxa7 Kd6 1/2-1/2

[Event "II Memorial Oliver Gonzalez"]
[Site "Madrid"]
[Date "2011.10.10"]
[Round "3.36"]
[White "Martinez Martinez, Antonio"]
[Black "Mansilla Tolosa, Luis E"]
[Result "0-1"]
[WhiteElo "1702"]
[BlackElo "2064"]
[PlyCount "52"]
[EventDate "2011.10.08"]

1. e4 c5 2. c4 g6 3. Nf3 Bg7 4. Be2 e6 5. d4 cxd4 6. Nxd4 a6 7. Nc3 Ne7 8. O-O
O-O 9. Be3 Nbc6 10. Nxc6 bxc6 11. Na4 d5 12. Bc5 Re8 13. f4 d4 14. e5 Nf5 15.
Qd3 f6 16. exf6 Qxf6 17. Rae1 Ne3 18. Rf3 e5 19. fxe5 Qxe5 20. Bd1 Bf5 21. Qb3
Be4 22. Rg3 Rab8 23. Bb6 Rf8 24. Nc5 Qf4 25. Rgxe3 Qf2+ 26. Kh1 Bxg2# 0-1

[Event "II Memorial Oliver Gonzalez"]
[Site "Madrid"]
[Date "2011.10.10"]
[Round "3.37"]
[White "Madurga Lopez, Ignacio"]
[Black "Dierssen Garcia-Barredo, Guille"]
[Result "1-0"]
[WhiteElo "2057"]
[BlackElo "1682"]
[PlyCount "129"]
[EventDate "2011.10.08"]

1. e4 c5 2. Nf3 g6 3. d4 cxd4 4. Nxd4 Nc6 5. Nc3 Bg7 6. Be3 Nf6 7. Bc4 O-O 8.
Bb3 a5 9. Ndb5 a4 10. Bc4 Ne5 11. Be2 d6 12. h3 Be6 13. Na3 Qa5 14. O-O Rfc8
15. Bd4 Nc4 16. Nxc4 Bxc4 17. Bxc4 Rxc4 18. Qd3 Rac8 19. Bxf6 Bxf6 20. Nd5 Rxc2
21. Nxf6+ exf6 22. Qxd6 Rxb2 23. Qxf6 Rcc2 24. Rfd1 Rd2 25. Rac1 Rbc2 26. Rxc2
Rxd1+ 27. Kh2 Qd8 28. Qxd8+ Rxd8 29. Rb2 Rb8 30. Rb6 Kf8 31. Kg3 Ke7 32. e5 Kd7
33. Kg4 h6 34. h4 Kc7 35. Rf6 Rf8 36. e6 Kd8 37. exf7 Ke7 38. Rb6 Rb8 39. Rxg6
Kxf7 40. Rxh6 b5 41. Ra6 Rg8+ 42. Kh3 Rg6 43. Ra7+ Ke6 44. Rb7 Rf6 45. f3 Rf5
46. Rb6+ Kd7 47. Kg4 Rc5 48. h5 Rc2 49. g3 Rxa2 50. Rxb5 a3 51. Ra5 Ra1 52. h6
Ke6 53. h7 Rh1 54. Rxa3 Rxh7 55. Ra6+ Ke5 56. f4+ Ke4 57. Re6+ Kd3 58. f5 Rg7+
59. Kf4 Kd4 60. Rd6+ Kc5 61. Rd8 Kc6 62. g4 Kc7 63. Rd4 Rh7 64. f6 Rh1 65. Kg5
1-0

[Event "II Memorial Oliver Gonzalez"]
[Site "Madrid"]
[Date "2011.10.10"]
[Round "3.38"]
[White "Sierra Soria, Maria"]
[Black "Alvarez Abejon, Amilcar"]
[Result "1/2-1/2"]
[WhiteElo "1782"]
[BlackElo "2038"]
[PlyCount "80"]
[EventDate "2011.10.08"]

1. e4 c6 2. d4 d5 3. e5 Bf5 4. Nf3 e6 5. Be2 c5 6. dxc5 Bxc5 7. O-O Ne7 8. Nbd2
Nd7 9. c4 O-O 10. a3 a5 11. Nb3 Qc7 12. Nxc5 Nxc5 13. Be3 Rfd8 14. Bxc5 Qxc5
15. Qd4 Qc7 16. Rac1 Rac8 17. Rfd1 Be4 18. Qc3 Ng6 19. Re1 Nf4 20. Bf1 Qe7 21.
Qe3 Ng6 22. Ng5 Bf5 23. Nf3 dxc4 24. Bxc4 Bg4 25. Be2 h6 26. Qb6 Nxe5 27. Rxc8
Rxc8 28. Nxe5 Bxe2 29. Qxa5 Rc5 30. Qb4 Ba6 31. Nd7 Qxd7 32. Qxc5 Qd2 33. Qe5
Bc4 34. b4 f6 35. Qe3 Qd5 36. h3 b5 37. Qe4 Qd2 38. Qa8+ Kh7 39. Qe4+ Kg8 40.
Qa8+ Kh7 1/2-1/2

[Event "II Memorial Oliver Gonzalez"]
[Site "Madrid"]
[Date "2011.10.10"]
[Round "3.39"]
[White "Gadeo Colomina, Francisco"]
[Black "Sanchez Lopez, Pedro"]
[Result "1-0"]
[WhiteElo "2036"]
[BlackElo "1572"]
[PlyCount "55"]
[EventDate "2011.10.08"]

1. d4 Nf6 2. c4 e5 3. dxe5 Ng4 4. Nf3 Bc5 5. e3 Nc6 6. Be2 Ngxe5 7. Nxe5 Nxe5
8. O-O Be7 9. Nc3 O-O 10. Nd5 d6 11. Bd2 Re8 12. Nxe7+ Qxe7 13. Bc3 Be6 14. Qd4
c5 15. Qf4 Bd7 16. Rad1 Bc6 17. Rd2 Rad8 18. Rfd1 Ng6 19. Qg3 f5 20. Bf1 Rd7
21. Rxd6 f4 22. Rxd7 fxg3 23. Rxe7 gxf2+ 24. Kxf2 Nxe7 25. g4 Rf8+ 26. Kg1 Ng6
27. Bg2 Bf3 28. Rd7 1-0

[Event "II Memorial Oliver Gonzalez"]
[Site "Madrid"]
[Date "2011.10.10"]
[Round "3.40"]
[White "Ronka, Erik"]
[Black "Diaz Begonte, Manuel"]
[Result "1-0"]
[WhiteElo "2029"]
[BlackElo "1731"]
[PlyCount "105"]
[EventDate "2011.10.08"]

1. e4 c6 2. d4 d5 3. exd5 cxd5 4. Bd3 e6 5. Bf4 Bd6 6. Bxd6 Qxd6 7. Qg4 g6 8.
Nd2 Nc6 9. c3 Bd7 10. Qe2 Nge7 11. Ngf3 O-O 12. h4 Nf5 13. g4 Ng7 14. h5 e5 15.
Nxe5 Rae8 16. f4 f6 17. hxg6 fxe5 18. fxe5 Nxe5 19. gxh7+ Kh8 20. O-O-O Bxg4
21. dxe5 Bxe2 22. exd6 Bxd3 23. Nb3 Bc4 24. Na5 b6 25. Nc6 Rf7 26. Ne7 Rexe7
27. dxe7 Rxe7 28. b3 Be2 29. Rxd5 Bf3 30. Rd8+ Ne8 31. Rf1 Bh5 32. Rf5 Bg6 33.
Rfd5 Rxh7 34. R8d7 Rh1+ 35. Rd1 Rh2 36. R1d2 Rxd2 37. Kxd2 a6 38. c4 Kg8 39.
Rb7 b5 40. cxb5 axb5 41. Rxb5 Kf8 42. Rb7 Nd6 43. Ra7 Ke8 44. a4 Kd8 45. Kc3
Kc8 46. b4 Be8 47. Kd4 Kb8 48. Ra6 Kc7 49. Kd5 Bf7+ 50. Ke5 Nc8 51. b5 Bc4 52.
Rc6+ Kb7 53. Rxc4 1-0

[Event "II Memorial Oliver Gonzalez"]
[Site "Madrid"]
[Date "2011.10.10"]
[Round "3.41"]
[White "Paredes Mancha, Antonio"]
[Black "Bento Iglesias, Pablo"]
[Result "1-0"]
[WhiteElo "2027"]
[BlackElo "1389"]
[PlyCount "73"]
[EventDate "2011.10.08"]

1. e4 c6 2. d4 d5 3. Nc3 dxe4 4. Nxe4 Bf5 5. Ng3 Bg6 6. h4 h6 7. Nf3 Nd7 8. h5
Bh7 9. Bd3 Bxd3 10. Qxd3 Ngf6 11. Bf4 e6 12. O-O-O Qa5 13. Kb1 O-O-O 14. c4 Nc5
15. Qc2 Na6 16. Ne5 Nb4 17. Qb3 Qc7 18. Ng6 Qb6 19. c5 Qb5 20. Nxh8 Nfd5 21.
Nxf7 Rd7 22. Nd6+ Bxd6 23. Bxd6 a5 24. a4 Qa6 25. Rhe1 b5 26. Rxe6 bxa4 27.
Re8+ Kb7 28. Qxa4 Ka7 29. Bb8+ Ka8 30. Qxa5 Rb7 31. Qxa6+ Nxa6 32. Bc7+ Ka7 33.
Bb6+ Nxb6 34. cxb6+ Kxb6 35. Nf5 Rf7 36. g4 Kb5 37. Nd6+ 1-0

[Event "II Memorial Oliver Gonzalez"]
[Site "Madrid"]
[Date "2011.10.10"]
[Round "3.43"]
[White "Hernandez Mateo, Borja"]
[Black "Cavalle Pulla, Daniel"]
[Result "1/2-1/2"]
[WhiteElo "1746"]
[BlackElo "1987"]
[PlyCount "112"]
[EventDate "2011.10.08"]

1. e4 e6 2. d3 c5 3. Nd2 Nc6 4. Ngf3 Nge7 5. g3 g6 6. Bg2 Bg7 7. O-O d5 8. Re1
O-O 9. c3 b6 10. Nf1 h6 11. Ne3 Bb7 12. Ng4 Kh7 13. h4 d4 14. c4 a6 15. Ngh2 b5
16. b3 Qc7 17. Bf4 e5 18. Bc1 f5 19. exf5 gxf5 20. g4 fxg4 21. Nxg4 Ng6 22. h5
Nf4 23. Bxf4 Rxf4 24. Nh4 Ne7 25. Be4+ Bxe4 26. Rxe4 Raf8 27. f3 Qd7 28. Qe2
Qe8 29. Ng2 R4f5 30. Nxe5 Rxh5 31. Ng6 Qxg6 32. Rxe7 Rhf5 33. Rf1 Kh8 34. Re6 {
(=)} R5f6 35. Rxf6 Rxf6 36. Qe4 Qg3 37. Qe8+ Rf8 38. Qe4 {(=)} bxc4 39. bxc4
Rf6 40. Qg4 Qd6 41. Re1 Rg6 42. Re8+ Kh7 43. Qe4 Qg3 44. f4 h5 45. f5 Rg4 46.
Qe2 h4 47. Re7 h3 48. f6 Qxg2+ 49. Qxg2 Rxg2+ 50. Kh1 Rxa2 51. Rxg7+ Kh8 52.
Rg3 Rf2 53. Rxh3+ Kg8 54. Rh5 Rf3 55. Rxc5 Rxd3 56. Ra5 Rc3 1/2-1/2

[Event "II Memorial Oliver Gonzalez"]
[Site "Madrid"]
[Date "2011.10.10"]
[Round "3.45"]
[White "Cuadrado Lopez, Francisco Javie"]
[Black "Calderon Martin, Antonio"]
[Result "1-0"]
[WhiteElo "1967"]
[BlackElo "1728"]
[PlyCount "82"]
[EventDate "2011.10.08"]

1. e4 e5 2. Nf3 Nc6 3. Bb5 Bc5 4. c3 Nge7 5. O-O Bb6 6. d4 exd4 7. cxd4 d5 8.
exd5 Nxd5 9. Nc3 O-O 10. h3 Nf6 11. Be3 Bf5 12. a3 Bg6 13. Rc1 Bh5 14. Bxc6
bxc6 15. Na4 Qd5 16. Nc3 Qd7 17. Ne5 Qd6 18. g4 Bg6 19. Nxg6 hxg6 20. Na4 Rfe8
21. Qf3 Ne4 22. Rc2 Bxd4 23. Rd1 c5 24. Nxc5 Nxc5 25. Rxd4 Qe7 26. Rxc5 Qxc5
27. Rd7 Qc4 28. Qb7 Rab8 29. Qxa7 Rxb2 30. Rxc7 Rb1+ 31. Kh2 Qd5 32. Qd4 Qh1+
33. Kg3 Rg1+ 34. Kh4 Rxg4+ 35. Qxg4 Re4 36. Bf4 f6 37. Rc1 g5+ 38. Kh5 Re1 39.
Qc8+ Kf7 40. Qd7+ Kg8 41. Rc8+ Kh7 1-0

[Event "II Memorial Oliver Gonzalez"]
[Site "Madrid"]
[Date "2011.10.10"]
[Round "3.46"]
[White "Campos Palacios, Daniel"]
[Black "Martinez Miura, Enrique"]
[Result "1/2-1/2"]
[WhiteElo "1958"]
[BlackElo "1713"]
[PlyCount "54"]
[EventDate "2011.10.08"]

1. e4 e6 2. d4 d5 3. Nc3 Nf6 4. e5 Nfd7 5. Nf3 c5 6. dxc5 Bxc5 7. Bd3 Nc6 8.
Bf4 Qb6 9. O-O Nd4 10. a3 a6 11. Ng5 g6 12. Na4 Qc7 13. Nxc5 Nxc5 14. Bxg6 hxg6
15. Qxd4 Bd7 16. Rfe1 Rc8 17. Re3 Qd8 18. Rf3 Qe7 19. Rc3 Rh4 20. g3 Qxg5 21.
Qd2 Rxf4 22. Qxf4 Qxf4 23. gxf4 Ne4 24. Rxc8+ Bxc8 25. Rd1 Nc5 26. b3 b5 27. f3
Bb7 1/2-1/2

[Event "II Memorial Oliver Gonzalez"]
[Site "Madrid"]
[Date "2011.10.10"]
[Round "3.47"]
[White "Pradas Ojeda, Santiago"]
[Black "Pablos Tenrero, Raquel"]
[Result "1-0"]
[WhiteElo "1585"]
[BlackElo "1947"]
[PlyCount "95"]
[EventDate "2011.10.08"]

1. e4 e5 2. Nf3 Nc6 3. Bb5 Nge7 4. O-O g6 5. d4 exd4 6. Nxd4 Bg7 7. c3 O-O 8.
Be3 a6 9. Ba4 b5 10. Bb3 Na5 11. Nd2 Nxb3 12. axb3 Bb7 13. f4 f5 14. e5 Nd5 15.
Nc2 d6 16. Nf3 Re8 17. Re1 dxe5 18. Nxe5 Bxe5 19. fxe5 Nxe3 20. Rxe3 Qxd1+ 21.
Rxd1 Be4 22. Rd2 Rxe5 23. b4 Rae8 24. Nd4 h6 25. g3 Kf7 26. Kf2 g5 27. Nf3 R5e7
28. Rd4 Bxf3 29. Rxe7+ Kxe7 30. Kxf3 Rd8 31. Rxd8 Kxd8 32. h4 Ke7 33. Ke3 Ke6
34. Kd4 Kd6 35. b3 c6 36. h5 g4 37. c4 Ke6 38. Kd3 Kf6 39. Ke3 Ke5 40. c5 Kd5
41. Kd3 Ke5 42. Ke3 Kd5 43. Kd3 a5 44. bxa5 Kxc5 45. b4+ Kxb4 46. a6 c5 47. a7
c4+ 48. Kc2 1-0

[Event "II Memorial Oliver Gonzalez"]
[Site "Madrid"]
[Date "2011.10.10"]
[Round "3.48"]
[White "Gomez Ferrer, Jesus"]
[Black "Tevar Becerra, Alvaro"]
[Result "1-0"]
[WhiteElo "1942"]
[BlackElo "1477"]
[PlyCount "61"]
[EventDate "2011.10.08"]

1. e4 e5 2. Nf3 Nc6 3. Bc4 Bc5 4. b4 Bxb4 5. c3 Bc5 6. d4 exd4 7. O-O dxc3 8.
Qd5 Qe7 9. Nxc3 Nf6 10. Qd1 O-O 11. Bg5 Qd6 12. Qe2 Ne5 13. Rfd1 Nxf3+ 14. Qxf3
Qe5 15. Bxf6 Qxf6 16. Qxf6 gxf6 17. Nd5 Kg7 18. Nxc7 Rb8 19. Rab1 Bb6 20. Nd5
Bc5 21. Rd3 f5 22. exf5 d6 23. Rg3+ Kh8 24. Rg5 f6 25. Rh5 Bd7 26. Nf4 Kg7 27.
Rb3 Rfe8 28. Rg3+ Kf8 29. h3 b5 30. Bd5 a5 31. Rxh7 1-0

[Event "II Memorial Oliver Gonzalez"]
[Site "Madrid"]
[Date "2011.10.10"]
[Round "3.57"]
[White "Cerrato Torrijos, Javier"]
[Black "Tevar Sanz, Gonzalo"]
[Result "1-0"]
[WhiteElo "1683"]
[BlackElo "1868"]
[PlyCount "105"]
[EventDate "2011.10.08"]

1. e4 e6 2. d4 d5 3. e5 c5 4. c3 Qb6 5. Nf3 Nc6 6. a3 cxd4 7. cxd4 Nh6 8. b4
Nf5 9. Be3 Bd7 10. Be2 Rc8 11. O-O Nce7 12. Qd2 Bb5 13. Bxb5+ Qxb5 14. Nc3 Qc4
15. Rfc1 Qb3 16. Nb5 Nc6 17. Qc2 Qxc2 18. Rxc2 a6 19. Nc3 b5 20. Rac1 Kd7 21.
Nb1 g6 22. Nbd2 a5 23. bxa5 Bxa3 24. Rb1 Ncxd4 25. Nxd4 Nxd4 26. Rxc8 Ne2+ 27.
Kf1 Rxc8 28. Kxe2 b4 29. Nb3 Kc6 30. a6 Kb5 31. a7 Ka6 32. Kd2 h5 33. Bc5 g5
34. Kd3 g4 35. g3 Rh8 36. Nd4 Rc8 37. Nc2 Ra8 38. Nxa3 bxa3 39. Ra1 Kb5 40. Bd4
Ka4 41. Kc2 Rc8+ 42. Kd3 Ra8 43. Rb1 a2 44. Rb8 a1=Q 45. Bxa1 Rxa7 46. Bd4 Rc7
47. Rh8 Rc1 48. Rxh5 Rd1+ 49. Ke3 Kb4 50. Rh4 Re1+ 51. Kd2 Re4 52. Kd3 Re1 53.
Bc3+ 1-0

[Event "II Memorial Oliver Gonzalez"]
[Site "Madrid"]
[Date "2011.10.10"]
[Round "3.59"]
[White "Rottenwoehrer, Christoph"]
[Black "Minondo Torres, Alvaro"]
[Result "1-0"]
[WhiteElo "1588"]
[BlackElo "1835"]
[PlyCount "65"]
[EventDate "2011.10.08"]

1. c4 Nf6 2. g3 g6 3. Bg2 Bg7 4. Nc3 O-O 5. d3 c6 6. e3 d5 7. cxd5 cxd5 8. Nge2
Nc6 9. O-O Re8 10. d4 e6 11. b3 Bd7 12. Bb2 a6 13. Rc1 Rc8 14. h4 Ne7 15. Nf4
Bh6 16. Nd3 Bc6 17. Ne5 Nf5 18. Ng4 Nxg4 19. Qxg4 Nxe3 20. fxe3 Bxe3+ 21. Kh2
Bxc1 22. Bxc1 Bd7 23. Qf3 Qe7 24. Bg5 Qf8 25. Bf6 Bc6 26. Qe3 b5 27. Nd1 Rc7
28. h5 e5 29. Nf2 exd4 30. Qd2 Re3 31. Bxd4 Re6 32. Ng4 f5 33. Nh6+ 1-0

[Event "II Memorial Oliver Gonzalez"]
[Site "Madrid"]
[Date "2011.10.10"]
[Round "3.62"]
[White "Veiga Rodriguez, Pablo"]
[Black "Garcia Hernandez, Javier"]
[Result "0-1"]
[WhiteElo "1578"]
[BlackElo "1741"]
[PlyCount "102"]
[EventDate "2011.10.08"]

1. e4 e6 2. d4 d5 3. Nd2 Nf6 4. e5 Nfd7 5. c3 c5 6. Ne2 Nc6 7. Nf3 cxd4 8. cxd4
Qb6 9. a3 Be7 10. Nf4 Nf8 11. Nh5 Rg8 12. Qd3 Ng6 13. Qb5 Qxb5 14. Bxb5 Bd7 15.
Bxc6 bxc6 16. b4 a5 17. bxa5 Rxa5 18. O-O c5 19. Bd2 Ra8 20. dxc5 Bxc5 21. Bb4
Bxb4 22. axb4 Rb8 23. Ra7 Ke7 24. Rb1 Rgc8 25. Raa1 Kf8 26. Rb2 Rc4 27. Rab1
Bb5 28. Nd2 Rh4 29. Ng3 Nxe5 30. Nf3 Nxf3+ 31. gxf3 Rc4 32. Ne2 Ke7 33. Kg2 Ra8
34. Rc1 Rac8 35. Ra1 R4c7 36. Nd4 Rb8 37. Ra5 Rcb7 38. Kg3 Kd6 39. f4 g6 40. h4
Bd7 41. Ra6+ Rb6 42. Rxb6+ Rxb6 43. Nc2 Bb5 44. Kg4 f6 45. h5 e5 46. hxg6 hxg6
47. fxe5+ Kxe5 48. f4+ Ke4 49. Rb3 d4 50. Rf3 Be2 51. Nxd4 Kxd4 0-1

[Event "II Memorial Oliver Gonzalez"]
[Site "Madrid"]
[Date "2011.10.10"]
[Round "3.63"]
[White "Fernandez Aransay, Fernando"]
[Black "Benitez Cadenas, Luis Miguel"]
[Result "1-0"]
[WhiteElo "1886"]
[BlackElo "1737"]
[PlyCount "69"]
[EventDate "2011.10.08"]

1. e4 e6 2. d4 d5 3. exd5 exd5 4. Nf3 Bd6 5. Bd3 Bg4 6. Nc3 Ne7 7. Bg5 f6 8.
Bd2 c6 9. Qe2 Qc7 10. h3 Bh5 11. O-O-O Nd7 12. g4 Bf7 13. Kb1 O-O-O 14. Nh4
Rde8 15. Be3 Nf8 16. Qd2 Nfg6 17. Ng2 Nf8 18. f4 h5 19. f5 g6 20. Nf4 g5 21.
Nfe2 h4 {(=)} 22. Na4 Nd7 23. b4 Kb8 24. Nc5 Bxc5 25. bxc5 b6 26. Bg1 Ka8 27.
Bh2 Qb7 28. Ka1 b5 29. Rb1 Nb8 30. Rhe1 Nc8 31. Rb2 Re7 32. Reb1 Rhe8 33. Bxb5
Nb6 34. Bd3 Re3 35. cxb6 1-0

[Event "II Memorial Oliver Gonzalez"]
[Site "Madrid"]
[Date "2011.10.10"]
[Round "3.65"]
[White "Rodriguez Vignote, Javier"]
[Black "Gonzalez Lopez, Sergio"]
[Result "1-0"]
[WhiteElo "1934"]
[BlackElo "1815"]
[PlyCount "109"]
[EventDate "2011.10.08"]

1. Nf3 Nf6 2. c4 c5 3. Nc3 Nc6 4. g3 g6 5. Bg2 Bg7 6. d4 cxd4 7. Nxd4 O-O 8.
O-O e6 9. Ndb5 Ne8 10. Be3 a6 11. Nd4 Qc7 12. Nxc6 bxc6 13. Qd2 Rb8 14. b3 f5
15. Rac1 Qa5 16. Rfd1 Rf7 17. Na4 Qxd2 18. Rxd2 d5 19. cxd5 cxd5 20. Rdc2 Bd7
21. Nc5 Bc8 22. Nd3 Bd7 23. Bf4 Ra8 24. h4 Bf6 25. f3 Re7 26. Be5 Bxe5 27. Nxe5
Ra7 28. e4 Kg7 29. exd5 exd5 30. f4 Nf6 31. Rd1 Ne4 32. Kh2 Be6 33. Rdc1 Bd7
34. Bf1 Be8 35. Rd1 Nf6 36. Bg2 Bf7 37. Rc6 Re6 38. Rdc1 Rae7 39. Rxe6 Rxe6 40.
Rc7 Ng4+ 41. Nxg4 fxg4 42. Bxd5 Rf6 43. Kg2 Kf8 44. Rxf7+ Rxf7 45. Bxf7 Kxf7
46. Kf2 Ke6 47. Ke3 Kd5 48. a3 a5 49. b4 axb4 50. axb4 Kc4 51. Ke4 Kxb4 52. f5
Kc5 53. fxg6 hxg6 54. Kf4 Kd6 55. Kg5 1-0

[Event "II Memorial Oliver Gonzalez"]
[Site "Madrid"]
[Date "2011.10.10"]
[Round "3.66"]
[White "Magan Gonzalez, Alberto"]
[Black "Camarero Izquierdo, Juan Carlos"]
[Result "1/2-1/2"]
[WhiteElo "1821"]
[BlackElo "1933"]
[PlyCount "81"]
[EventDate "2011.10.08"]

1. e4 c5 2. Nf3 d6 3. d4 cxd4 4. Nxd4 Nf6 5. Nc3 a6 6. Bg5 e6 7. f4 Nbd7 8. Qf3
Qc7 9. O-O-O b5 10. g4 Bb7 11. Bxf6 Nxf6 12. Bd3 b4 13. Nce2 d5 14. Ng3 dxe4
15. Nxe4 Be7 16. Rhe1 O-O 17. g5 Nxe4 18. Bxe4 Bxe4 19. Qxe4 Rac8 20. h4 Rfd8
21. f5 e5 22. Nf3 f6 23. gxf6 gxf6 24. Rxd8+ Qxd8 25. Rg1+ Kh8 26. Rd1 Qc7 27.
Rg1 a5 28. Rg2 a4 29. Qg4 Bc5 30. Ne1 a3 31. b3 Be3+ 32. Kb1 Qd7 33. Nd3 Rd8
34. Rg3 Bf4 35. Rg1 Bd2 36. Rg2 Bh6 37. Qh5 Bf8 38. Qg4 Bd6 39. h5 e4 40. Qxe4
Qf7 41. Qg4 {(...73)} 1/2-1/2

[Event "II Memorial Oliver Gonzalez"]
[Site "Madrid"]
[Date "2011.10.10"]
[Round "3.67"]
[White "Tirado Parra, Alberto"]
[Black "Morona Minguez, Miguel"]
[Result "1-0"]
[WhiteElo "1914"]
[BlackElo "1549"]
[PlyCount "39"]
[EventDate "2011.10.08"]

1. Nf3 Nf6 2. b4 g6 3. Bb2 Bg7 4. c4 O-O 5. e3 d5 6. cxd5 Qxd5 7. Nc3 Qd8 8.
Be2 Qd6 9. b5 Bg4 10. a4 Rd8 11. O-O Bxf3 12. Bxf3 c6 13. Qb3 Nbd7 14. Ba3 Nc5
15. Qc4 Nfd7 16. d4 cxb5 17. axb5 Rac8 18. dxc5 Nxc5 19. Rad1 Nd3 20. Qxc8 1-0

[Event "II Memorial Oliver Gonzalez"]
[Site "Madrid"]
[Date "2011.10.10"]
[Round "3.68"]
[White "Sanchez Romero, Ruben"]
[Black "Arias De Reina Martinez, Fco"]
[Result "1-0"]
[WhiteElo "1741"]
[BlackElo "1604"]
[PlyCount "47"]
[EventDate "2011.10.08"]

1. e4 e5 2. f4 exf4 3. Nf3 g5 4. Bc4 Bg7 5. d4 Nc6 6. c3 h6 7. O-O Nge7 8. h3
O-O 9. b4 a6 10. Nbd2 d5 11. exd5 Nxd5 12. Ne4 Be6 13. Bd3 Nf6 14. Nc5 Bc8 15.
Bc2 b6 16. Nb3 Nd5 17. Qd3 f5 18. a3 Bb7 19. c4 Nde7 20. Bb2 Qd7 21. Rab1 Ng6
22. Rfe1 Rae8 23. Bc3 Bc8 24. Nbd2 1-0

[Event "II Memorial Oliver Gonzalez"]
[Site "Madrid"]
[Date "2011.10.10"]
[Round "3.69"]
[White "Jimenez Vera, Ruben"]
[Black "Suarez Prieto, Leopoldo"]
[Result "1-0"]
[WhiteElo "1591"]
[BlackElo "1724"]
[PlyCount "67"]
[EventDate "2011.10.08"]

1. e4 e5 2. Nf3 f5 3. Nc3 Bc5 4. Bc4 d6 5. d3 f4 6. h4 Nf6 7. Ng5 Bg4 8. f3 Bh5
9. g4 Bg6 10. h5 d5 11. Nxd5 Nxd5 12. Ne6 Qe7 13. Nxc5 Qxc5 14. Bxd5 c6 15.
Bxc6+ Qxc6 16. hxg6 Qxg6 17. Qe2 Nc6 18. Qh2 Nd4 19. Qf2 O-O-O 20. c3 Nc6 21.
d4 Qd6 22. d5 b6 23. Bxf4 exf4 24. dxc6 Qxc6 25. Rd1 Qc4 26. Rxd8+ Rxd8 27.
Rxh7 Qxa2 28. Qc2 Qa1+ 29. Kf2 Rd1 30. Qe2 Rb1 31. Qc4+ Kd8 32. Qd5+ Kc8 33.
Qc6+ Kd8 34. Rh8+ 1-0